| 000 | 00573nam a2200217 a 4500 | ||
|---|---|---|---|
| 001 | 13560 | ||
| 003 | BD-JhCC | ||
| 005 | 20240201133523.0 | ||
| 008 | 171209s2021 b |||| a| | 000 0 eng d | ||
| 035 | _a(BD-JhCC)13560 | ||
| 040 |
_aBD-JhCC _dBD-JhCC |
||
| 041 | _aEnglish | ||
| 082 |
_a425.24 _bLAT 2021 |
||
| 100 | _aLatif, Mohammad Abdul | ||
| 245 |
_aPremier English Grammar & Literature / _cMohammad Abdul Latif. |
||
| 260 |
_aDhaka: _bLatif Publictison; _c2021. |
||
| 300 |
_a516 p. : _c24 cm. |
||
| 650 | _aEnglish Grammar | ||
| 942 |
_2ddc _cBK |
||
| 999 |
_c13560 _d13560 |
||